<?xml version="1.0" encoding="UTF-8"?>
<record
    xmlns:xsi="http://www.w3.org/2001/XMLSchema-instance"
    xsi:schemaLocation="http://www.loc.gov/MARC21/slim http://www.loc.gov/standards/marcxml/schema/MARC21slim.xsd"
    xmlns="http://www.loc.gov/MARC21/slim">

  <leader>01051nam a22002537a 4500</leader>
  <controlfield tag="005">20100826122442.0</controlfield>
  <controlfield tag="008">090109t        xxu||||| |||| 00| 0urd d</controlfield>
  <datafield tag="010" ind1=" " ind2=" ">
    <subfield code="a">UR-8357</subfield>
  </datafield>
  <datafield tag="020" ind1=" " ind2=" ">
    <subfield code="c">114.00</subfield>
  </datafield>
  <datafield tag="035" ind1=" " ind2=" ">
    <subfield code="a">U-6912</subfield>
  </datafield>
  <datafield tag="037" ind1=" " ind2=" ">
    <subfield code="b">DBAD/PUB</subfield>
  </datafield>
  <datafield tag="040" ind1=" " ind2=" ">
    <subfield code="a">DPL</subfield>
    <subfield code="b">urdu</subfield>
  </datafield>
  <datafield tag="082" ind1=" " ind2=" ">
    <subfield code="a">641.84</subfield>
  </datafield>
  <datafield tag="100" ind1=" " ind2=" ">
    <subfield code="9">12785</subfield>
    <subfield code="a">&#x6C1;&#x627; &#x634;&#x645;&#x6CC; &#x627; &#x631; &#x634;&#x62F; &#x645;&#x633;&#x639;&#x648; &#x62F; </subfield>
  </datafield>
  <datafield tag="245" ind1=" " ind2=" ">
    <subfield code="a">&#x686;&#x6CC;&#x646;&#x6CC; &#x627; &#x62F; &#x628; &#x67E;&#x631; &#x6C1;&#x646;&#x62F; &#x648; &#x633;&#x62A;&#x627; &#x646;&#x6CC; &#x627; &#x62F; &#x628; &#x6A9;&#x6D2; &#x627; &#x62B;&#x631; &#x627; &#x62A; /</subfield>
    <subfield code="c">&#x627; &#x631; &#x634;&#x62F; &#x645;&#x633;&#x639;&#x648; &#x62F; &#x6C1;&#x627; &#x634;&#x645;&#x6CC; </subfield>
  </datafield>
  <datafield tag="246" ind1=" " ind2=" ">
    <subfield code="a">Cheenee Adab Par Hindustanee Adab Ke Asaraat </subfield>
    <subfield code="b">by Arshad Masood Hashmi </subfield>
  </datafield>
  <datafield tag="260" ind1=" " ind2=" ">
    <subfield code="a">&#x62F; &#x6C1;&#x644;&#x6CC; </subfield>
    <subfield code="b">&#x627; &#x631; &#x62F; &#x648; &#x628;&#x6A9; &#x631; &#x6CC;&#x648; &#x6CC;&#x648; &#x67E;&#x628;&#x644;&#x6CC; &#x6A9;&#x6CC;&#x634;&#x646;&#x632; </subfield>
    <subfield code="c">2012</subfield>
  </datafield>
  <datafield tag="270" ind1=" " ind2=" ">
    <subfield code="a">1739/3 (Basement) New Kohinoor Hotel , Pataudi House, Darya Ganj </subfield>
    <subfield code="b">Delhi </subfield>
    <subfield code="e">110002</subfield>
    <subfield code="k">011-23266347</subfield>
  </datafield>
  <datafield tag="300" ind1=" " ind2=" ">
    <subfield code="a">199 &#x635;</subfield>
    <subfield code="c">22  (Hb)</subfield>
  </datafield>
  <datafield tag="650" ind1=" " ind2=" ">
    <subfield code="9">12786</subfield>
  </datafield>
  <datafield tag="700" ind1=" " ind2=" ">
    <subfield code="9">55153</subfield>
  </datafield>
  <datafield tag="942" ind1=" " ind2=" ">
    <subfield code="2">ddc</subfield>
    <subfield code="c">UR</subfield>
    <subfield code="h">641.84</subfield>
    <subfield code="m">&#x6C1; &#x627; &#x634; </subfield>
  </datafield>
  <datafield tag="999" ind1=" " ind2=" ">
    <subfield code="c">73677</subfield>
    <subfield code="d">73677</subfield>
  </datafield>
  <datafield tag="952" ind1=" " ind2=" ">
    <subfield code="0">0</subfield>
    <subfield code="1">0</subfield>
    <subfield code="2">ddc</subfield>
    <subfield code="4">0</subfield>
    <subfield code="7">0</subfield>
    <subfield code="8">NFIC</subfield>
    <subfield code="a">DBAD</subfield>
    <subfield code="b">DBAD</subfield>
    <subfield code="d">2013-02-18</subfield>
    <subfield code="e">DBAD/PUB</subfield>
    <subfield code="g">114.00</subfield>
    <subfield code="l">0</subfield>
    <subfield code="o">641.84 &#x6C1; &#x627; &#x634;</subfield>
    <subfield code="p">U-6912</subfield>
    <subfield code="r">2013-02-18 00:00:00</subfield>
    <subfield code="t">1</subfield>
    <subfield code="v">114.00</subfield>
    <subfield code="w">2013-02-18</subfield>
    <subfield code="y">UR</subfield>
  </datafield>
</record>
